| 000 | 00000nas##2200000za#4500 |
| 001 | 9.506981 |
| 003 | CaOODSP |
| 005 | 20210705115226 |
| 007 | cr ||||||||||| |
| 008 | 150406c2004||||xxc|| p o||||f| |0eng|d |
| 022 | |a1910-7854 |
| 040 | |aCaOODSP|beng |
| 043 | |an-cn--- |
| 086 | 1 |aH115-25E-PDF |
| 110 | 1 |aCanada. |bCanadian Institute for Health Information. |
| 245 | 10|aNational Trauma Registry ... report, injury hospitalizations (includes ... data) |h[electronic resource] |
| 260 | |aOttawa - Ontario : |bCanadian Institute for Health Information |
| 310 | |aAnnual |
| 362 | 1 |a2004-[200?] |
| 690 | 07|aHealth care|2gcpds |
| 780 | 00|tNational Trauma Registry ... report, hospital injury admissions |w(CaOODSP)9.506982 |